| 000 | 01179cam a2200361 a 4500 | ||
|---|---|---|---|
| 001 | 22467 | ||
| 003 | SK-KTurca | ||
| 005 | 20260328130812.0 | ||
| 008 | 240611s1995 xo e 0000f slo | ||
| 015 | _aSNBA1995/03 | ||
| 020 | _a8022005835 | ||
| 035 | _aSNK000020797 | ||
| 040 |
_aSNK _bslo _cSNK _eAACR2 |
||
| 041 | 1 |
_aslo _heng |
|
| 044 |
_axo _cSK |
||
| 072 | 7 |
_a821.111-3 _xAnglická próza, anglicky písaná _2konspekt |
|
| 080 |
_a821.111-31 _22011 |
||
| 100 | 1 |
_aBradford, Barbara Taylor, _d1933-2024 _4aut |
|
| 240 | 1 | 0 |
_aTo be the best _lSlovensky |
| 245 | 1 | 0 |
_aByť najlepšia _cBarbara Taylor Bradfordová ; preložila Melita Albrechtová |
| 250 | _a1. vyd. | ||
| 260 |
_aBratislava _bSlovenský spisovateľ _c1995 _eBratislava _fSvornosť |
||
| 300 |
_a338 s. _c21 cm |
||
| 655 | 7 |
_aanglické romány _2SNKPH |
|
| 700 | 1 |
_aAlbrechtová, Melita _c(prekladateľka) _4trl |
|
| 700 | 1 |
_aKlimo, Martin, _d1954- _4bjd |
|
| 700 | 1 |
_aMusil, Bruno _4bjd |
|
| 787 | 0 | 8 |
_iZo série: _tÚspešná žena _g5 |
| 787 | 0 | 8 |
_iZo série: _tWoman of substance _g5 |
| 942 |
_2ddc _cKLDO _n0 |
||
| 999 |
_c22467 _d22467 |
||